[Event "II Open A"]
[Site "Pedavena ITA"]
[Date "2006.08.05"]
[Round "7"]
[White "Genocchio, Daniele"]
[Black "Pojer, Romeo"]
[Result "1-0"]
[WhiteElo "2345"]
[BlackElo "2159"]
[PlyCount "72"]
[EventDate "2006.08.01"]

1. f4 d6 2. Nf3 g6 3. d4 Bg7 4. e4 Nf6 5. Bd3 O-O 6. O-O c5 7. dxc5 dxc5 8. e5
Nd5 9. Be4 Nb4 10. Qe2 Qa5 11. Be3 N8c6 12. Qf2 Be6 13. Nc3 c4 14. Ng5 Bf5 15.
a3 Na6 16. Bd5 h6 17. Nf3 Rac8 18. Nh4 Bd7 19. Nxg6 Rfe8 20. Rad1 Bg4 21. Rd2
Bh5 22. Nh4 e6 23. Be4 Ne7 24. Bxb7 Rb8 25. Rd7 Nc7 26. Bc5 Rxb7 27. Bb4 Rxb4
28. axb4 Qxb4 29. Rxc7 Qxb2 30. Rxc4 Ng6 31. Ne4 a5 32. Ng3 Qb5 33. Rc5 Qb6 34.
Nxh5 Nxh4 35. Kh1 Nf5 36. Rc8 Qb5 1-0

[Event "II Open A"]
[Site "Pedavena ITA"]
[Date "2006.07.05"]
[Round "7"]
[White "Guastadini, Paolo"]
[Black "Pedrazzi, Giuseppe"]
[Result "0-1"]
[WhiteElo "2051"]
[BlackElo "1835"]
[PlyCount "90"]
[EventDate "2006.08.01"]

1. d4 d5 2. Nf3 c6 3. c4 e6 4. e3 f5 5. Bd3 Nf6 6. O-O Bd6 7. b3 Qe7 8. Ne5 O-O
9. f4 Ne4 10. Qc2 Bd7 11. a4 Na6 12. c5 Bc7 13. Bd2 Rf6 14. Be1 Rh6 15. b4 Bxe5
16. dxe5 Nc7 17. Nc3 Qe8 18. Be2 g5 19. Nxe4 dxe4 20. fxg5 Rg6 21. Bh5 Nd5 22.
Ra3 Kh8 23. Rb3 a6 24. Bg3 Qg8 25. h4 Rg7 26. Bf4 Qd8 27. Be2 Qe7 28. Rfb1 Rag8
29. b5 axb5 30. axb5 h6 31. bxc6 bxc6 32. Bc4 Qxc5 33. Kf1 hxg5 34. hxg5 Rh7
35. g3 Rh1+ 36. Kg2 Rxb1 37. Qxb1 Qe7 38. Qd1 Be8 39. Rb1 Kg7 40. Ba6 Kg6 41.
g4 Rh8 42. gxf5+ exf5 43. Qe1 Qa3 44. Ra1 Nxf4+ 45. exf4 Qf3+ 0-1

[Event "II Open A"]
[Site "Pedavena ITA"]
[Date "2006.08.05"]
[Round "7"]
[White "Hutzheimer, Alfred"]
[Black "Militello, Michele"]
[Result "0-1"]
[WhiteElo "2146"]
[BlackElo "1847"]
[PlyCount "80"]
[EventDate "2006.08.01"]

1. d4 d5 2. c4 e6 3. Nc3 Be7 4. Bf4 c6 5. cxd5 exd5 6. Nf3 Nf6 7. e3 O-O 8. Bd3
Bg4 9. Qc2 Re8 10. Ne5 Be6 11. h3 Nbd7 12. g4 Nf8 13. Bg3 N6d7 14. f4 Nxe5 15.
dxe5 d4 16. exd4 Qxd4 17. Ne2 Bb4+ 18. Kf1 Qe3 19. Bf2 Qd2 20. a3 Qxc2 21. Bxc2
Ba5 22. b4 Bc7 23. Be4 Bc4 24. Bf3 Red8 25. Be3 Rd3 26. Kf2 Bb6 27. Bxb6 axb6
28. Rhc1 Bb5 29. Rc3 Rd2 30. Ke3 Rad8 31. Rac1 Ng6 32. Re1 R8d3+ 33. Rxd3 Rxd3+
34. Ke4 Rxa3 35. Rd1 Kf8 36. Nd4 Bc4 37. Be2 Bd5+ 38. Kf5 Re3 39. Bf1 h6 40. g5
h5 0-1

[Event "II Open A"]
[Site "Pedavena ITA"]
[Date "2006.08.05"]
[Round "7"]
[White "Luciani, Valerio"]
[Black "Tiengo, Davide"]
[Result "1-0"]
[WhiteElo "2232"]
[BlackElo "2091"]
[PlyCount "45"]
[EventDate "2006.08.01"]

1. d4 Nf6 2. c4 g6 3. Nc3 Bg7 4. e4 d6 5. f3 O-O 6. Be3 e5 7. Nge2 exd4 8. Nxd4
Nc6 9. Qd2 Ne5 10. Be2 Be6 11. b3 a5 12. O-O Qe7 13. Rae1 Rfc8 14. Bg5 Qe8 15.
f4 Nc6 16. Nxc6 Qxc6 17. f5 gxf5 18. exf5 Bd7 19. Bh6 Ne4 20. Nxe4 Qxe4 21.
Bxg7 Kxg7 22. Qg5+ Kh8 23. Qf6+ 1-0

[Event "II Open A"]
[Site "Pedavena ITA"]
[Date "2006.08.05"]
[Round "7"]
[White "Maietti, Luca"]
[Black "Pomaro, Alberto"]
[Result "1/2-1/2"]
[WhiteElo "1811"]
[BlackElo "2046"]
[PlyCount "127"]
[EventDate "2006.08.01"]

1. d4 Nf6 2. Nf3 g6 3. Bg5 Bg7 4. Nbd2 d5 5. e3 O-O 6. Bd3 c5 7. c3 Nfd7 8. O-O
f6 9. Bf4 e5 10. dxe5 fxe5 11. Bg5 Qe8 12. e4 d4 13. Qa4 Nc6 14. Bb5 Nb6 15.
Qc2 Bd7 16. Nc4 Nxc4 17. Bxc4+ Be6 18. Qd3 Bf7 19. Bd5 Qd7 20. c4 Bxd5 21. cxd5
Na5 22. Qc2 Rac8 23. Bd2 Qb5 24. Rfc1 b6 25. a4 Qa6 26. Bxa5 Qxa5 27. Qc4 Qb4
28. Qxb4 cxb4 29. Rc6 Rxc6 30. dxc6 Rc8 31. Rc1 Kf8 32. Rc4 Ke8 33. Ng5 d3 34.
Kf1 h6 35. Nf3 a5 36. Ke1 Ke7 37. Kd1 Bf6 38. h4 Kd6 39. Ne1 Bxh4 40. Nxd3 Bf6
41. Kc2 Rxc6 42. Kb3 g5 43. f3 h5 44. Nf2 Rc5 45. Nd3 Rc7 46. Rxc7 Kxc7 47. Kc4
Kc6 48. Nf2 Be7 49. Nd3 Bd6 50. b3 Bc7 51. Nf2 Bd6 52. Nd3 Bb8 53. Nf2 Bc7 54.
Nh3 Bd8 55. Nf2 Be7 56. Nd3 Bd6 57. Nf2 Bc5 58. Nd3 Bd4 59. Nc1 g4 60. fxg4
hxg4 61. Nd3 g3 62. Nc1 Bf2 63. Nd3 Bd4 64. Nc1 1/2-1/2

[Event "II Open A"]
[Site "Pedavena ITA"]
[Date "2006.08.05"]
[Round "7"]
[White "Occari, Maurizio"]
[Black "Navarro, Stefano"]
[Result "0-1"]
[WhiteElo "2082"]
[BlackElo "2224"]
[PlyCount "66"]
[EventDate "2006.08.01"]

1. e4 e5 2. Nf3 d6 3. Bc4 Nd7 4. h3 Be7 5. O-O c6 6. d4 Ngf6 7. Nc3 O-O 8. dxe5
dxe5 9. Bg5 b5 10. Bd3 h6 11. Bh4 Re8 12. a3 Qc7 13. g4 Nh7 14. Qd2 Nc5 15. Bg3
Bf6 16. Rad1 Ne6 17. Ne2 a6 18. Ned4 Nxd4 19. Nxd4 Bg5 20. f4 exd4 21. e5 Be7
22. Be4 Nf8 23. Kh2 Bb7 24. f5 c5 25. Bxb7 Qxb7 26. f6 Bd8 27. fxg7 Kxg7 28.
Bf4 Re6 29. g5 hxg5 30. Rg1 Rg6 31. Bxg5 Bxg5 32. Rxg5 Ne6 33. Rxg6+ Kxg6 0-1

[Event "II Open A"]
[Site "Pedavena ITA"]
[Date "2006.08.05"]
[Round "7"]
[White "Ottolini, Graziano"]
[Black "Binder, Andrea"]
[Result "1/2-1/2"]
[WhiteElo "2084"]
[BlackElo "1691"]
[PlyCount "26"]
[EventDate "2006.08.01"]

1. e4 d6 2. d4 Nf6 3. Nc3 g6 4. f4 Bg7 5. Nf3 O-O 6. Be3 c5 7. Qd2 cxd4 8. Bxd4
Nc6 9. Bg1 a6 10. O-O-O Qa5 11. Kb1 b5 12. Nd4 Bb7 13. Nb3 Qc7 1/2-1/2

[Event "II Open A"]
[Site "Pedavena ITA"]
[Date "2006.08.05"]
[Round "7"]
[White "Pasquotto, Mirko"]
[Black "Vandervoort, Chantal"]
[Result "1/2-1/2"]
[WhiteElo "1939"]
[BlackElo "1800"]
[PlyCount "46"]
[EventDate "2006.08.01"]

1. e4 c5 2. Nf3 d6 3. d4 cxd4 4. Nxd4 Nf6 5. Nc3 a6 6. Be3 e6 7. f3 Be7 8. Qd2
O-O 9. O-O-O b5 10. a3 Bb7 11. Bd3 Nbd7 12. g4 Ne5 13. h4 Rc8 14. h5 Nc4 15.
Bxc4 Rxc4 16. g5 Nd7 17. g6 b4 18. axb4 Rxb4 19. h6 hxg6 20. Nxe6 Qa5 21. Qh2
Ne5 22. hxg7 Qa1+ 23. Kd2 Nxf3+ 1/2-1/2

[Event "II Open A"]
[Site "Pedavena ITA"]
[Date "2006.08.05"]
[Round "7"]
[White "Pegoraro, Nicola"]
[Black "Forato, Enrico"]
[Result "1/2-1/2"]
[WhiteElo "2047"]
[BlackElo "1949"]
[PlyCount "73"]
[EventDate "2006.08.01"]

1. e4 c5 2. Nf3 e6 3. d4 cxd4 4. Nxd4 Nf6 5. Bd3 d5 6. exd5 Nxd5 7. O-O Bd6 8.
Nb5 Be7 9. N1c3 Nxc3 10. Nxc3 Nd7 11. Qe2 a6 12. Rd1 O-O 13. Bf4 Qa5 14. Nd5
Bd8 15. Bxh7+ Kh8 16. b4 Qxd5 17. Rxd5 exd5 18. Bd3 Nf6 19. Re1 Bg4 20. Qe3 Be7
21. h3 Bd7 22. Qd4 Rfe8 23. Bg5 Bd6 24. Qh4+ Kg8 25. Re3 Rxe3 26. Bxe3 Re8 27.
Kf1 Ne4 28. Bxe4 dxe4 29. a3 Bb5+ 30. Kg1 Be5 31. g3 Bc3 32. Qg5 Be2 33. Qd5
Bf3 34. Bd4 Rc8 35. Bxc3 Rxc3 36. Qd8+ Kh7 37. Qh4+ 1/2-1/2

[Event "II Open A"]
[Site "Pedavena ITA"]
[Date "2006.08.05"]
[Round "7"]
[White "Reginato, Mauro"]
[Black "Rezzuti, Vincenzo"]
[Result "0-1"]
[WhiteElo "1823"]
[BlackElo "2045"]
[PlyCount "62"]
[EventDate "2006.08.01"]

1. e4 e5 2. Nf3 Nc6 3. Bb5 a6 4. Ba4 d6 5. O-O Bg4 6. Bxc6+ bxc6 7. d4 Qf6 8.
dxe5 dxe5 9. Be3 Ne7 10. Nbd2 Ng6 11. Qe1 Bd6 12. h3 h5 13. Bg5 Qe6 14. hxg4
hxg4 15. Nh2 Rh5 16. Qe3 Kd7 17. f4 exf4 18. Bxf4 Nxf4 19. Rxf4 Bc5 20. Qxc5
Rxc5 21. Rd1 Ke7 22. Nb3 Rxc2 23. Nd4 Qe5 24. Nf5+ Kf8 25. Rxg4 Qc5+ 26. Kh1
Rc1 27. Rxc1 Qxc1+ 28. Nf1 Qxf1+ 29. Kh2 g6 30. Rh4 Kg8 31. Rg4 Qe2 0-1

[Event "II Open A"]
[Site "Pedavena ITA"]
[Date "2006.08.05"]
[Round "7"]
[White "Santi, Andrea"]
[Black "Efimov, Igor"]
[Result "0-1"]
[WhiteElo "1848"]
[BlackElo "2439"]
[PlyCount "74"]
[EventDate "2006.08.01"]

1. e4 c5 2. Nf3 Nc6 3. d4 cxd4 4. Nxd4 Nf6 5. Nc3 d6 6. Be2 e5 7. Nb3 Be6 8.
Be3 Be7 9. O-O O-O 10. f4 a5 11. a3 a4 12. Nd2 exf4 13. Rxf4 Nd7 14. Rf2 Bh4
15. Rf1 Nde5 16. Kh1 Bg5 17. Bg1 Bh6 18. Nd5 Bxd5 19. exd5 Ne7 20. Nc4 Nxc4 21.
Bxc4 Ng6 22. Qd4 Re8 23. Rae1 Qa5 24. c3 Ne5 25. Be2 Re7 26. Rd1 Rae8 27. Qb6
Qxb6 28. Bxb6 Nd7 29. Bb5 Nxb6 30. Bxe8 Rxe8 31. Rfe1 Kf8 32. Rxe8+ Kxe8 33.
Rd4 Kd7 34. b3 axb3 35. Rb4 Kc7 36. c4 Bd2 37. Rxb3 Nxc4 0-1

[Event "II Open A"]
[Site "Pedavena ITA"]
[Date "2006.08.05"]
[Round "7"]
[White "Solinas, Carlo"]
[Black "Fantini, Adriano"]
[Result "1-0"]
[WhiteElo "2060"]
[BlackElo "1760"]
[PlyCount "95"]
[EventDate "2006.08.01"]

1. e4 c6 2. Nc3 d5 3. Qf3 e6 4. d4 dxe4 5. Nxe4 Nf6 6. Bd3 Nbd7 7. Ne2 Nxe4 8.
Bxe4 Nf6 9. Bd3 Be7 10. O-O Qd5 11. Qg3 Nh5 12. Qe5 Qxe5 13. dxe5 g6 14. g4 Ng7
15. Bh6 Rg8 16. f4 Bd7 17. Ng3 O-O-O 18. Bg5 Bxg5 19. fxg5 Rgf8 20. Ne4 Ne8 21.
b4 Kc7 22. Rf4 Bc8 23. Raf1 Rd7 24. b5 b6 25. bxc6 Kxc6 26. Nc3 a6 27. Rc4+ Kb7
28. Be4+ Kb8 29. Rc6 b5 30. a4 Bb7 31. Rb6 Ka7 32. Rxb7+ Rxb7 33. Bxb7 Kxb7 34.
axb5 axb5 35. Nxb5 Kc6 36. c4 Kc5 37. Rf4 Kc6 38. Kf2 Kb6 39. Ke3 Kc6 40. Kd4
Kb6 41. Kc3 Kc6 42. Kb4 Kb6 43. c5+ Kc6 44. Kc4 Nc7 45. Nxc7 Kxc7 46. Rf2 Kc6
47. Ra2 Rc8 48. Ra7 1-0

[Event "II Open A"]
[Site "Pedavena ITA"]
[Date "2006.08.05"]
[Round "7"]
[White "Tamassia, Gabriele"]
[Black "Carlassara, Renato"]
[Result "1-0"]
[WhiteElo "1655"]
[BlackElo "1850"]
[PlyCount "39"]
[EventDate "2006.08.01"]

1. d4 d5 2. Bf4 Nf6 3. Nf3 e6 4. e3 c5 5. c3 Nc6 6. Bd3 Be7 7. Nbd2 Nh5 8. Bg3
cxd4 9. exd4 Nxg3 10. hxg3 Bf6 11. Qe2 a6 12. O-O-O Bd7 13. Nb3 b5 14. Kb1 Na5
15. Nxa5 Qxa5 16. Qc2 b4 17. c4 dxc4 18. Bxc4 Rc8 19. b3 Ke7 20. Rhe1 1-0

[Event "II Open A"]
[Site "Pedavena ITA"]
[Date "2006.08.05"]
[Round "7"]
[White "Tomio, Dante"]
[Black "Capraro, Fabio"]
[Result "0-1"]
[WhiteElo "1969"]
[BlackElo "1873"]
[PlyCount "106"]
[EventDate "2006.08.01"]

1. d4 Nf6 2. Nf3 d5 3. Bg5 Nbd7 4. Nbd2 c5 5. e3 c4 6. c3 h6 7. Bf4 Nh5 8. Ne5
Nxf4 9. exf4 Nf6 10. Be2 a6 11. Bh5 Nxh5 12. Qxh5 g6 13. Nxg6 fxg6 14. Qxg6+
Kd7 15. Nf3 Kc7 16. Ne5 Qd6 17. Qh5 Rg8 18. O-O Qf6 19. Rfe1 Qxf4 20. Ng6 Rxg6
21. Qxg6 e6 22. Re3 Bd6 23. g3 Qg5 24. Qh7+ Kc6 25. Qh8 Rb8 26. b4 Bd7 27. Qh7
Re8 28. a4 Re7 29. b5+ Kc7 30. Qb1 a5 31. b6+ Kc8 32. Rf3 Rg7 33. Qe1 h5 34.
Ra2 h4 35. Re2 Qg6 36. Rfe3 Re7 37. Qf1 hxg3 38. fxg3 Rf7 39. Rf2 Rxf2 40. Qxf2
Qb1+ 41. Kg2 Qxb6 42. h4 e5 43. h5 exd4 44. cxd4 Qb1 45. Re1 Qh7 46. Qe2 Bf5
47. Qe8+ Kc7 48. Rf1 Qg7 49. Qe3 Qg4 50. h6 Be4+ 51. Kf2 Qh3 52. Rg1 Qh2+ 53.
Ke1 Bb4+ 0-1

[Event "II Open A"]
[Site "Pedavena ITA"]
[Date "2006.08.05"]
[Round "7"]
[White "Verducci, Gianni"]
[Black "Bini, Alessandro"]
[Result "1-0"]
[WhiteElo "2065"]
[BlackElo "1877"]
[PlyCount "107"]
[EventDate "2006.08.01"]

1. e4 Nc6 2. d4 d6 3. Nc3 Nf6 4. Bg5 e6 5. Nf3 Be7 6. Qd2 d5 7. Bxf6 Bxf6 8. e5
Be7 9. a3 b6 10. Bd3 Na5 11. b4 Nc6 12. h4 h6 13. Qf4 a6 14. Qg4 Bf8 15. Ne2
Qd7 16. Nf4 Bb7 17. O-O Ne7 18. Rfc1 b5 19. a4 c6 20. Nd2 g6 21. Nb3 Nf5 22. c3
g5 23. Nh5 O-O-O 24. Nf6 Qc7 25. Bxf5 exf5 26. Qxf5+ Kb8 27. h5 Bc8 28. Qd3 Bg7
29. Qf3 Be6 30. axb5 axb5 31. Ra3 Kb7 32. Rca1 Ra8 33. Rxa8 Rxa8 34. Rxa8 Kxa8
35. Ng8 g4 36. Qd3 Kb7 37. Nxh6 Qc8 38. Qh7 Qc7 39. Nf5 Bf8 40. Ng7 Bc8 41. Ne8
Qe7 42. Nd6+ Kc7 43. Nc5 f6 44. Qxe7+ Bxe7 45. Nxc8 Kxc8 46. exf6 Bxf6 47. h6
Kd8 48. Kh2 Ke7 49. Kg3 Kf7 50. Kxg4 Kg6 51. Nd7 Bh8 52. Ne5+ Bxe5 53. dxe5 c5
54. e6 1-0

[Event "II Open A"]
[Site "Pedavena ITA"]
[Date "2006.08.05"]
[Round "7"]
[White "Zulian, Stefano"]
[Black "Rossi, Gianni"]
[Result "0-1"]
[WhiteElo "1889"]
[BlackElo "2105"]
[PlyCount "58"]
[EventDate "2006.08.01"]

1. c4 b6 2. b3 Bb7 3. Bb2 e6 4. Nf3 f5 5. Qc2 Nf6 6. g3 Bc5 7. Bg2 O-O 8. O-O
a5 9. a3 Qe8 10. Nc3 Qh5 11. d4 Bd6 12. Ne5 Bxg2 13. Kxg2 Bxe5 14. dxe5 Ng4 15.
h3 Nxe5 16. Nb5 Nbc6 17. Rad1 f4 18. f3 fxg3 19. Bxe5 Nxe5 20. Kxg3 Qg5+ 21.
Kh2 Qf4+ 22. Kg2 Rf5 23. Rf2 Rg5+ 24. Kh1 Qg3 25. Rh2 Nxf3 26. exf3 Qxf3+ 27.
Rg2 Rxg2 28. Qxg2 Qxd1+ 29. Kh2 Rf8 0-1

[Event "I Open A"]
[Site "Civitanova Marche ITA"]
[Date "2006.07.29"]
[Round "1"]
[White "Brunello, Sabino"]
[Black "Di Giuseppe, Giovanni"]
[Result "1-0"]
[WhiteElo "2391"]
[BlackElo "1892"]
[PlyCount "77"]
[EventDate "2006.07.29"]

1. e4 c5 2. Nf3 e6 3. d4 cxd4 4. Nxd4 a6 5. Nc3 Qc7 6. Bd3 Nf6 7. g4 h6 8. Qe2
Nc6 9. Nb3 Bb4 10. Bd2 b5 11. O-O-O Bb7 12. Kb1 Bd6 13. h4 h5 14. g5 Ng4 15.
Bxb5 axb5 16. Nxb5 Qb8 17. Nxd6+ Qxd6 18. Bc3 Qf4 19. Nc5 Bc8 20. Nd3 Qc7 21.
Bxg7 Qa7 22. Bxh8 Qxa2+ 23. Kc1 e5 24. c3 Ba6 25. Kd2 Bxd3 26. Kxd3 Nd4 27.
cxd4 Qb3+ 28. Kd2 Qb4+ 29. Kc2 Qa4+ 30. Kc1 Rc8+ 31. Kb1 Ra8 32. Rh3 Qa2+ 33.
Kc2 Qa4+ 34. Kc1 Rc8+ 35. Kb1 Nxf2 36. Ra3 Qxd1+ 37. Qxd1 Nxd1 38. Bxe5 Nf2 39.
Bd6 1-0

[Event "I Open A"]
[Site "Civitanova Marche ITA"]
[Date "2006.07.29"]
[Round "1"]
[White "Bukal, Vladimir jr"]
[Black "Pedemonte, Claudio"]
[Result "1-0"]
[WhiteElo "2407"]
[BlackElo "1924"]
[PlyCount "73"]
[EventDate "2006.07.29"]

1. d4 d5 2. c4 e6 3. Nc3 Nf6 4. Nf3 c5 5. cxd5 Nxd5 6. e4 Nxc3 7. bxc3 cxd4 8.
cxd4 Bb4+ 9. Bd2 Bxd2+ 10. Qxd2 b6 11. Bb5+ Bd7 12. Bc4 O-O 13. O-O Bc6 14.
Rfe1 Nd7 15. Qf4 Nf6 16. Rad1 Ba4 17. Rd2 Rc8 18. Bd3 h6 19. d5 Bd7 20. d6 b5
21. e5 Nd5 22. Qe4 g6 23. h4 Nc3 24. Qd4 h5 25. g4 Bc6 26. Ng5 Nd5 27. gxh5
gxh5 28. Bb1 Kg7 29. Qd3 Rh8 30. Qf3 Qd7 31. Be4 Qb7 32. Bxd5 Bxd5 33. Qf6+ Kg8
34. Rxd5 exd5 35. e6 fxe6 36. Qg6+ Qg7 37. Qxe6+ 1-0

[Event "I Open A"]
[Site "Civitanova Marche ITA"]
[Date "2006.07.29"]
[Round "1"]
[White "Castaldo, Folco"]
[Black "Brunello, Roberta"]
[Result "1/2-1/2"]
[WhiteElo "2336"]
[BlackElo "1863"]
[PlyCount "81"]
[EventDate "2006.07.29"]

1. e4 e5 2. Nf3 Nc6 3. Bb5 d6 4. c3 Nf6 5. d4 Bd7 6. Nbd2 Be7 7. O-O O-O 8. d5
Nb8 9. Bd3 h6 10. Re1 Bc8 11. Nf1 Nh7 12. Ne3 Ng5 13. Nxg5 Bxg5 14. g3 g6 15.
h4 Be7 16. h5 Kg7 17. Kg2 Bg5 18. Rh1 Bxe3 19. Bxe3 g5 20. f4 f6 21. Qe2 Nd7
22. Raf1 Qe7 23. f5 c5 24. a4 a5 25. Bb5 Nb6 26. Ra1 Nd7 27. Rhc1 b6 28. b4
axb4 29. cxb4 Bb7 30. a5 bxa5 31. bxa5 Nb8 32. a6 Bc8 33. Ra2 Rf7 34. Rca1 Qa7
35. Ra5 Qb6 36. Bc4 Rfa7 37. Rb5 Qc7 38. Rba5 Qb6 39. Rb5 Qc7 40. Rba5 Qb6 41.
Rb5 1/2-1/2

[Event "I Open A"]
[Site "Civitanova Marche ITA"]
[Date "2006.07.29"]
[Round "1"]
[White "Dini, Andrea"]
[Black "Madan, Augustin"]
[Result "0-1"]
[WhiteElo "1930"]
[BlackElo "2411"]
[PlyCount "106"]
[EventDate "2006.07.29"]

1. d4 Nf6 2. c4 e6 3. Nc3 Bb4 4. g3 c5 5. Nf3 Nc6 6. Bg2 Ne4 7. Qd3 Qa5 8. Bd2
Nxd2 9. Qxd2 cxd4 10. Nxd4 Qc5 11. Ndb5 O-O 12. a3 Bxc3 13. Qxc3 a6 14. b4 Qe7
15. Nc7 Rb8 16. b5 axb5 17. cxb5 d5 18. Nxd5 exd5 19. bxc6 bxc6 20. O-O Bd7 21.
Rfe1 f5 22. e3 Qf6 23. Qc5 Rb5 24. Qd4 Qd6 25. Rec1 Ra8 26. a4 Rb4 27. Qd1 Ra5
28. Rcb1 Kf7 29. Qh5+ Kg8 30. Qd1 h6 31. Bf3 Kf7 32. Rxb4 Qxb4 33. Qd4 Qxd4 34.
exd4 Ke7 35. Kf1 Kd6 36. Bd1 c5 37. dxc5+ Kxc5 38. Ke2 Kd4 39. Rb1 Kc5 40. Rc1+
Kd6 41. Ra1 g5 42. Ra3 Bb5+ 43. Kd2 Kc5 44. Rc3+ Bc4 45. Rf3 Ra6 46. Rxf5 Rb6
47. Kc3 Rb1 48. Bc2 Rh1 49. Be4 Ra1 50. Bc2 Ra3+ 51. Kd2 Kd4 52. h4 Ra2 53. Kc1
Rxc2+ 0-1

[Event "I Open A"]
[Site "Civitanova Marche ITA"]
[Date "2006.07.29"]
[Round "1"]
[White "Dvirnyy, Danyyil"]
[Black "Fragni, Enrico"]
[Result "1-0"]
[WhiteElo "2280"]
[BlackElo "1859"]
[PlyCount "93"]
[EventDate "2006.07.29"]

1. e4 c6 2. d4 d6 3. f4 Nf6 4. Nc3 Bg4 5. Nf3 Nbd7 6. e5 dxe5 7. dxe5 Ng8 8. h3
Bxf3 9. Qxf3 e6 10. Be3 Ne7 11. O-O-O Qc7 12. g4 O-O-O 13. Bxa7 Nd5 14. Nxd5
exd5 15. Bd4 Bc5 16. Bg2 Qb6 17. c3 Rhe8 18. Rhe1 g6 19. f5 Bxd4 20. cxd4 Qa6
21. Kb1 Nb6 22. b3 Re7 23. f6 Ree8 24. h4 Kb8 25. g5 Qb5 26. Qd3 Qb4 27. Qd2
Qa3 28. h5 Nc8 29. Rh1 Na7 30. hxg6 hxg6 31. Rh7 Rf8 32. Qb2 Qa5 33. Qd2 Qb6
34. Bf1 Rde8 35. Rc1 Qc7 36. Bd3 Rh8 37. Bxg6 Rxh7 38. Bxh7 Rh8 39. Bd3 Rh4 40.
Qf2 Rh3 41. Bf1 Rh8 42. e6 fxe6 43. f7 Rf8 44. g6 Nc8 45. Bh3 Qe7 46. g7 Rxf7
47. Qg3+ 1-0

[Event "I Open A"]
[Site "Civitanova Marche ITA"]
[Date "2006.07.29"]
[Round "1"]
[White "Marini, Jan"]
[Black "Piscopo, Pierluigi"]
[Result "0-1"]
[WhiteElo "1918"]
[BlackElo "2393"]
[PlyCount "86"]
[EventDate "2006.07.29"]

1. d4 c5 2. d5 Nf6 3. c4 e6 4. Nc3 exd5 5. cxd5 d6 6. e4 g6 7. Bg5 h6 8. Bxf6
Qxf6 9. Bb5+ Nd7 10. Nf3 Bg7 11. O-O O-O 12. Re1 Ne5 13. Nxe5 Qxe5 14. a4 a6
15. Be2 Rb8 16. Ra3 Qg5 17. Rb3 b6 18. Bf1 Qd8 19. Kh1 Re8 20. Qd2 Ra8 21. Nd1
Bd7 22. Ne3 g5 23. Ra3 Ra7 24. Nd1 Bc8 25. Bd3 Rae7 26. Ne3 Rxe4 27. Bxe4 Rxe4
28. Nc2 Rxe1+ 29. Nxe1 Bd7 30. b3 Qe7 31. Nc2 Qe4 32. f3 Qg6 33. Ra2 Bf5 34.
Ne3 Bd3 35. Nd1 Kh7 36. g3 Bd4 37. Kg2 Bb1 38. Ra3 Qc2 39. Qxc2+ Bxc2 40. Nf2
Bb1 41. Nd1 f5 42. Kf1 g4 43. fxg4 fxg4 0-1

[Event "I Open A"]
[Site "Civitanova Marche ITA"]
[Date "2006.07.29"]
[Round "1"]
[White "Rinaudo, Claudio"]
[Black "Altini, Daniele"]
[Result "0-1"]
[WhiteElo "1859"]
[BlackElo "2292"]
[PlyCount "126"]
[EventDate "2006.07.29"]

1. d4 Nf6 2. Nf3 e6 3. e3 b6 4. Bd3 Bb7 5. O-O Be7 6. Nbd2 d5 7. Ne5 O-O 8. f4
Nbd7 9. b3 Ne4 10. Nxe4 dxe4 11. Bc4 Nxe5 12. fxe5 Bd5 13. a4 c5 14. Bxd5 exd5
15. Bb2 Rc8 16. Rc1 c4 17. Qe1 Qc7 18. Bc3 Ba3 19. Rb1 cxb3 20. Rxb3 Be7 21.
Rf2 Qd7 22. a5 b5 23. Bb4 a6 24. c3 Rc6 25. Rfb2 Rfc8 26. Rb1 R8c7 27. h3 Qc8
28. Kh2 Bf8 29. R3b2 Qb8 30. Qg3 Qd8 31. Rf2 Be7 32. Rf4 Rg6 33. Rg4 Bxb4 34.
cxb4 Qe7 35. Rxg6 hxg6 36. e6 f6 37. Rf1 g5 38. Rf5 Qxe6 39. Rxg5 Rf7 40. Rh5
Rf8 41. Qh4 Qd6+ 42. Kh1 Qxb4 43. Rxd5 Qxa5 44. Qxe4 Qc7 45. Qe6+ Qf7 46. Qf5
g6 47. Qf3 b4 48. e4 Rc8 49. Qb3 a5 50. Qb1 Rc3 51. Rxa5 Qc7 52. Rc5 Rxc5 53.
dxc5 Qxc5 54. Qb3+ Kg7 55. Qe6 Qc1+ 56. Kh2 Qc7+ 57. Kh1 Qf7 58. Qb6 b3 59. g4
Qc4 60. Qb7+ Kh6 61. Qe7 Qf1+ 62. Kh2 Qf2+ 63. Kh1 b2 0-1

[Event "I Open A"]
[Site "Civitanova Marche ITA"]
[Date "2006.07.29"]
[Round "1"]
[White "Rombaldoni, Denis"]
[Black "Milanesi, Erminio"]
[Result "1-0"]
[WhiteElo "2348"]
[BlackElo "1874"]
[PlyCount "47"]
[EventDate "2006.07.29"]

1. d4 g6 2. c4 c6 3. Nf3 Nh6 4. Nc3 f6 5. h4 Nf7 6. h5 g5 7. Qc2 d6 8. e3 e5 9.
Bd3 h6 10. Bg6 Qc7 11. Ne4 Bg7 12. c5 O-O 13. Bxf7+ Qxf7 14. Nxd6 Qe7 15. Bd2
b6 16. O-O-O bxc5 17. Nxc8 Rxc8 18. dxe5 fxe5 19. Bc3 Qe6 20. Nxe5 Qxa2 21. Qg6
Qa1+ 22. Kc2 Qa4+ 23. Kb1 Qb3 24. Nc4 1-0

[Event "I Open A"]
[Site "Civitanova Marche ITA"]
[Date "2006.07.29"]
[Round "1"]
[White "Urzi', Silvio"]
[Black "Di Caro, Calogero"]
[Result "0-1"]
[WhiteElo "1864"]
[BlackElo "2340"]
[PlyCount "38"]
[EventDate "2006.07.29"]

1. c4 d6 2. d4 e5 3. e3 Nd7 4. Nc3 Ngf6 5. Nf3 g6 6. b3 Bg7 7. dxe5 Ng4 8. Bb2
Ngxe5 9. Be2 O-O 10. O-O a5 11. Nd4 Nc5 12. f4 Ned7 13. Rf3 c6 14. Rg3 Nf6 15.
h4 Nfe4 16. Nxe4 Nxe4 17. Ne6 Bxe6 18. Bxg7 Kxg7 19. Qd4+ Qf6 0-1

[Event "I Open A"]
[Site "Civitanova Marche ITA"]
[Date "2006.07.29"]
[Round "1"]
[White "Voicu, Joan Paul"]
[Black "Bruno, Fabio"]
[Result "0-1"]
[WhiteElo "1876"]
[BlackElo "2388"]
[PlyCount "60"]
[EventDate "2006.07.29"]

1. e4 c5 2. Nf3 Nc6 3. Nc3 e6 4. d4 cxd4 5. Nxd4 Qc7 6. Be3 Nf6 7. Bd3 a6 8.
O-O Ne5 9. Nb3 Neg4 10. g3 Nxe3 11. fxe3 h5 12. Qf3 Bd6 13. Rad1 Be5 14. Nd4 b5
15. Nce2 Bb7 16. c3 g5 17. Rf2 h4 18. g4 h3 19. Kh1 Rh4 20. Rg1 O-O-O 21. Nc1
d5 22. exd5 Rxd5 23. e4 Bf4 24. Nce2 Re5 25. Nxf4 Nxe4 26. Re2 Nc5 27. Rxe5
Qxe5 28. Nc6 Qxf4 29. Be2 Qd6 30. Rd1 Qxc6 0-1

[Event "I Open A"]
[Site "Civitanova Marche ITA"]
[Date "2006.07.30"]
[Round "2"]
[White "Altini, Daniele"]
[Black "Volpinari, Danilo"]
[Result "1-0"]
[WhiteElo "2292"]
[BlackElo "2054"]
[PlyCount "61"]
[EventDate "2006.07.29"]

1. e4 c5 2. Nf3 e6 3. d4 cxd4 4. Nxd4 a6 5. Bd3 Bc5 6. Nb3 Ba7 7. O-O Nc6 8.
Nc3 Nf6 9. Bg5 d6 10. Kh1 h6 11. Bh4 g5 12. Bg3 e5 13. Qd2 Be6 14. Rad1 Qc7 15.
f3 Rd8 16. Bf2 Bxf2 17. Rxf2 Ne7 18. Qe1 Ng6 19. Rfd2 O-O 20. g3 Kg7 21. Qe3
Rfe8 22. Nc1 Qc6 23. N1e2 Rd7 24. f4 Ng4 25. Qf3 f5 26. Nd5 Rf8 27. Nec3 Rdf7
28. exf5 Ne3 29. fxe6 Nxd5 30. exf7 g4 31. Qxd5 1-0

[Event "I Open A"]
[Site "Civitanova Marche ITA"]
[Date "2006.07.30"]
[Round "2"]
[White "Brancaleoni, Maurizio"]
[Black "Padovani, Alessio"]
[Result "1-0"]
[WhiteElo "2275"]
[BlackElo "2019"]
[PlyCount "101"]
[EventDate "2006.07.29"]

1. Nf3 Nf6 2. c4 c5 3. Nc3 Nc6 4. d4 cxd4 5. Nxd4 d6 6. g3 e5 7. Nc2 Be7 8. Bg2
Be6 9. Nd5 Bxd5 10. cxd5 Nb8 11. O-O Nbd7 12. Ne3 O-O 13. Nf5 Ne8 14. Be3 Bg5
15. f4 exf4 16. gxf4 Bf6 17. Qb3 g6 18. Ng3 Bg7 19. Ne4 Ndf6 20. Nxf6+ Nxf6 21.
Bf3 b6 22. Rac1 Re8 23. Rc6 Ne4 24. Qa3 Qe7 25. Bc1 Rad8 26. Qe3 f5 27. Bxe4
Qxe4 28. Qxe4 Rxe4 29. e3 Rd7 30. b3 Kf7 31. Rf2 Re8 32. Rfc2 h6 33. Kf2 Bf8
34. Kf3 Bg7 35. Bd2 Bf8 36. h3 Bg7 37. Bb4 Bf8 38. R2c4 h5 39. Ba3 Kg8 40. Rc7
Ree7 41. Rc8 Rf7 42. R4c6 Kh7 43. Re8 Kg7 44. Bb2+ Kg8 45. Re6 Kh7 46. Re8 Rde7
47. Rxe7 Bxe7 48. Rc7 Kg8 49. Rxa7 Bd8 50. Ra8 Rd7 51. Bf6 1-0